Zelený rast - obnoviteľná energia a efektívnosť

Odhad nových kapacít energie v roku 2020 pre EÚ. Plány EÚ v oblasti obnoviteľných energií. Elektrická energia z obnoviteľných zdrojov v EÚ.

Salvato in:
Dettagli Bibliografici
Autore principale: Zubaľová, Ľubica, 1969-
Natura: Capitolo di libro
Lingua:slovacco
Soggetti:
Tags: Aggiungi Tag
Nessun Tag, puoi essere il primo ad aggiungerne!!

MARC

LEADER 00000nla$a2200000$$$4500
001 0130268
005 20240502072506.7
041 0 |a slo 
044 |a SK 
245 1 0 |a Zelený rast - obnoviteľná energia a efektívnosť  |c Ľubica Zubaľová 
520 |a Odhad nových kapacít energie v roku 2020 pre EÚ. Plány EÚ v oblasti obnoviteľných energií. Elektrická energia z obnoviteľných zdrojov v EÚ. 
610 2 0 |a Európska únia 
610 2 0 |a energia 
610 2 0 |a energia elektrická 
610 2 0 |a zdroje energie obnoviteľné 
100 1 |a Zubaľová, Ľubica, 1969-